000 00314nam a2200121Ia 4500
005 20251222144711.0
008 251222s9999||||xx |||||||||||||| ||spa||
020 _a987-1080--00-X
082 _a616.891.7/C12
245 0 _aManual para Operadores Terapéuticos en Adicciones
264 _bCanto Rodado
942 _cLIB
999 _c17846
_d17846